Southville International School and Colleges
Your cart is empty.
  • Cart
  • Lists
    Public lists Eva Luna New books Lux_list list_1
    Your lists Log in to create your own lists
  • Log in to your account
  • Your cookies
  • Search history
Southville International School and Colleges
  • Advanced search
  • Recent comments
  • Most popular
  • Libraries

Log in to your account

Log in with GOOGLE


If you do not have an external account, but do have a local account, you can still log in:

  1. Home
  2. MARC view: Best friends wear pink tutus /
Normal view MARC view ISBD view

Best friends wear pink tutus / (Record no. 111020)

[ view plain ]
MARC details
000 -LEADER
fixed length control field 00628nam a2200193 a 4500
001 - CONTROL NUMBER
control field 3759
005 - DATE AND TIME OF LATEST TRANSACTION
control field 20140414131907.0
008 - FIXED-LENGTH DATA ELEMENTS--GENERAL INFORMATION
fixed length control field 061010s19uu xx 00 eng d
020 ## - INTERNATIONAL STANDARD BOOK NUMBER
International Standard Book Number 0-590-46437-X
050 ## - LIBRARY OF CONGRESS CALL NUMBER
Classification number ER
Item number B35 1993
100 ## - MAIN ENTRY--PERSONAL NAME
Personal name Brownrigg, Sheri
245 ## - TITLE STATEMENT
Title Best friends wear pink tutus /
Statement of responsibility, etc by Sheri Brownrigg ; illustrated by Meredith Johnson.
260 ## - PUBLICATION, DISTRIBUTION, ETC. (IMPRINT)
Place of publication, distribution, etc New York :
Name of publisher, distributor, etc Scholastic,
Date of publication, distribution, etc 1993.
300 ## - PHYSICAL DESCRIPTION
Extent 1 v. p. : ill. ; cm.
520 ## - SUMMARY, ETC.
Summary, etc When two friends vie for a part in "The Nutcracker," who will get the part?
650 ## - SUBJECT ADDED ENTRY--TOPICAL TERM
Topical term or geographic name as entry element Ballet dancing
General subdivision Fiction.
650 ## - SUBJECT ADDED ENTRY--TOPICAL TERM
Topical term or geographic name as entry element Friendship
General subdivision Fiction.
Holdings
Withdrawn status Lost status Damaged status Use restrictions Home library Current library Shelving location Date acquired Source of acquisition Total Checkouts Full call number Barcode Date last seen Price effective from Koha item type
        Munich Library Munich Library Easy Reading Section 10/10/2006     ER B35 1993 M1570 04/14/2014 04/14/2014 Books

Best friends wear pink tutus /

APA

Brownrigg S., . (1993). Best friends wear pink tutus. New York: Scholastic.

Chicago

Brownrigg Sheri, . 1993. Best friends wear pink tutus. New York: Scholastic.

Harvard

Brownrigg S., . (1993). Best friends wear pink tutus. New York: Scholastic.

MLA

Brownrigg Sheri, . Best friends wear pink tutus. New York: Scholastic. 1993.

  • Place hold
  • Print
  • Cite
  • Add to your cart (remove)
  • Save record
    BIBTEX Dublin Core MARCXML MARC (non-Unicode/MARC-8) MARC (Unicode/UTF-8) MARC (Unicode/UTF-8, Standard) MODS (XML) RIS
  • More searches
    Search for this title in:
    Other Libraries (WorldCat) Other Databases (Google Scholar) Online Stores (Bookfinder.com) Open Library (openlibrary.org)

Exporting to Dublin Core...

SOUTHVILLE LIBRARY

Southville International School and Colleges Library

1281 Tropical Ave. Cor. Luxembourg St., BF Homes International, Las Pinas City

Tel. No. 8256374 / 252358 Loc. 117/146

Powered by Koha